Land and life in Sindh, Pakistan / (Record no. 331219)

000 -LEADER
fixed length control field 00952nam a2200289 a 4500
001 - CONTROL NUMBER
control field 3484122
003 - CONTROL NUMBER IDENTIFIER
control field NUST
005 - DATE AND TIME OF LATEST TRANSACTION
control field 20170922104156.0
008 - FIXED-LENGTH DATA ELEMENTS--GENERAL INFORMATION
fixed length control field 930615s1993 pk ab b 001 0 eng
010 ## - LIBRARY OF CONGRESS CONTROL NUMBER
LC control number 93930116
020 ## - INTERNATIONAL STANDARD BOOK NUMBER
International Standard Book Number 9690101404 :
Terms of availability Rs300.00
025 ## - OVERSEAS ACQUISITION NUMBER
Overseas acquisition number P-E-024287 13/4-64
040 ## - CATALOGING SOURCE
Original cataloging agency DLC
Transcribing agency DLC
043 ## - GEOGRAPHIC AREA CODE
Geographic area code a-pk---
050 00 - LIBRARY OF CONGRESS CALL NUMBER
Classification number DS392.S53
Item number R34 1993
082 00 - DEWEY DECIMAL CLASSIFICATION NUMBER
Classification number 954.918
Author Mark RAH
100 1# - MAIN ENTRY--PERSONAL NAME
Personal name Rahman, Mushtaqur.
9 (RLIN) 4811
245 10 - TITLE STATEMENT
Title Land and life in Sindh, Pakistan /
Statement of responsibility, etc. Mustaqur Rahman.
260 ## - PUBLICATION, DISTRIBUTION, ETC.
Place of publication, distribution, etc. Lahore :
Name of publisher, distributor, etc. Ferozsons,
Date of publication, distribution, etc. 1993.
300 ## - PHYSICAL DESCRIPTION
Extent xiv, 262 p. :
Other physical details ill., maps ;
Dimensions 23 cm.
504 ## - BIBLIOGRAPHY, ETC. NOTE
Bibliography, etc. note Includes bibliographical references (p. 239-245) and index.
651 #0 - SUBJECT ADDED ENTRY--GEOGRAPHIC NAME
Geographic name Sindh (Pakistan)
9 (RLIN) 4812
906 ## - LOCAL DATA ELEMENT F, LDF (RLIN)
a 7
b cbc
c orignew
d 3
e ncip
f 19
g y-gencatlg
942 ## - ADDED ENTRY ELEMENTS (KOHA)
Source of classification or shelving scheme
Koha item type Book
Holdings
Withdrawn status Lost status Source of classification or shelving scheme Damaged status Not for loan Collection code Permanent Location Current Location Shelving location Date acquired Total Checkouts Full call number Barcode Date last seen Copy number Price effective from Koha item type
            Central Library (CL) Central Library (CL) Book Cart 09/22/2017   954.918 RAH CL2195 09/22/2017 1 09/22/2017 Book
© 2023 Central Library, National University of Sciences and Technology. All Rights Reserved.